000 02132nam a22002657a 4500
999 _c57097
_d57097
003 Ge_BSU
005 20191118114445.0
008 191118s2018 ge ||||| |||| 00| 0 geo d
020 _a9789941956485
041 _ageo
080 _a091(=353.1) ქ-27
245 _aქართული ხელნაწერი წიგნი საზღვარგარეთ /
_cშეადგინეს: მაია კარანაძე ; ვლადიმერ კეკელიამ ; ლელა შათირიშვილმა ; და ნესთან ჩხიკვაძემ ; რედ. ნესტან ჩხიკვაძე ; მთარგმნ: ლადო მირიანაშვილი .
264 _aთბილისი :
_bკორნელი კეკელიძის სახელობის საქართველოს ხელნაწერთა ეროვნული ცენტრი,
_c2018.
300 _a352 გვ .:
_bილ;
_c29 სმ.
500 _aდარგობრივი საძ.გვ:337;ბიბლიოგრაფ;წიგნ. სასულიერო ხელნაწერ.საერო ხელნაწერ.სხვადასხვა:გვ:338-342.ეკლესიის მამათა და წმინდანთა საძ.გვ:343-352
504 _aზოგადი ბიბლიოგრაფ.გვ:305-336;
653 _aხელნაწერები
700 _aკარანაძე, მაია
_eშემდგენელი
_95136
700 _aკეკელია, ვლადიმერ
_eშემდგენელი
_95146
700 _aშათირიშვილი, ლელა
_eშემდგენელი
_95386
700 _4ჩხიკვაძე, ნესთან
_eშემდგენელი
_95387
700 _aჩხიკვაძე, ნესთან
_eრედაქტორი
_95388
700 _aმირიანაშვილი, ლადო
_eმთარგმნელი
_95389
942 _2udc
_cBK